00342nam a2200109Ia 450000100070000000500170000700800410002424500410006526000190010699900190012595200880014466329320250826160210.0250824s9999 xx 000 0 und d 0a7 Okulda Hayalet Var!cR. L. Stine bBEYAZ BAL̇NA c663293d663293 00104070a1013b1013d2025-08-24l0p1013425r2025-08-26 16:02:10w2025-08-26yBK